000 00682nam a22002051i 4500
001 000030427
003 RuMoIPM
005 20260428111427.0
008 130415s1952----ur | c rus
040 _aRuMoIPM
_brus
_ercr
041 0 _arus
080 _a51(07)
100 1 _aНатансон, Исидор Павлович
245 1 _aПростейшие задачи на максимум и минимум
_cИ. П. Натансон
250 _a2-е изд.
260 _aМосква
_aЛенинград
_bГостехиздат
_c1952
300 _a32 с.
_bчерт.
490 0 _aПопулярные лекции по математике
_vВып. 2
942 _cBK
999 _c30427
_d30427